| 000 | 00929nmm a22002174a 4500 | ||
|---|---|---|---|
| 003 | BOLpUSFA | ||
| 005 | 20200730175158.0 | ||
| 008 | t gq d 000 f spa d | ||
| 041 | _aspa | ||
| 100 | _aSerrano, Vicente | ||
| 245 |
_aFraudebook : _blo que la red social hace con nuestras vidas _h[recurso electrónico] |
||
| 260 |
_as.l.: _bTitivillus, _c2016. |
||
| 300 | _a91 p. | ||
| 520 | _aEl presente documento contiene: 1. La máquina de los afectos - 2. El valor de la amistad - 3. El fantasma de la libertad - 4. El poder de facebook - 5. No me gusta - 6. La felicidad de facebook - 7. Biografías - 8. El enredo de las masas - 9. Un dispositivo biopolítico. | ||
| 650 | _aRedes sociales | ||
| 650 | _aAdolescencia | ||
| 650 | _aMedios de comunicación | ||
| 650 | _aInternet | ||
| 856 | _uhttp://biblioteca.usfa.edu.bo/cgi-bin/koha/opac-retrieve-file.pl?id=9e088a083ab39d8d4a7bc15f5a86f10f | ||
| 942 |
_2ddc _cDOCE _zSML |
||
| 999 |
_c3844 _d3844 |
||